| 000 | 00384nam a2200145Ia 4500 | ||
|---|---|---|---|
| 008 | 230312s9999||||xx |||||||||||||| ||und|| | ||
| 020 | _a9780071599887 | ||
| 082 |
_a005.3 _bDIM-A |
||
| 100 | _aAgrawal,Dharma | ||
| 245 | 0 | _aIntroduction to wireless and mobile systems | |
| 260 |
_bMcGraw Hill _aNew York _c2008 |
||
| 300 | _a319 | ||
| 650 |
_aComputer _vMobile Computing |
||
| 942 | _cBK | ||
| 999 |
_c16394 _d16394 |
||